000 00558nam a2200193Ia 4500
003 LDD
008 181029s9999 xx 000 0 und d
020 _a817992422X
_c250.00
040 _cLDD
100 _aAndrews, Charles F.
245 0 _aMahatma Gandhi his life & Ideas
_cCharles F. Andrews
260 _aDelhi
_bJaico Publishing House
_c2006
300 _axxxi, 301p
365 _b250.00
901 _a3465
_b07-11-2006
902 _a863
_b07-12-2006
_cF
_dAAKAR
_e32
903 _aDiscount-10
_bReqst by : Gopal, D. (Dr.)
942 _2ddc
_cBK
999 _c76903
_d76903